Statistics for 20 Biggest Cities in The UK with Exceptions

Click here to take the quiz!

General Stats

  • This quiz has been taken 27 times
  • The average score is 11 of 20

Answer Stats

"Country"PopulationCity% Correct
Northern Ireland328,937Belfast
100%
Wales350,558Cardiff
100%
Scotland488,000Edinburgh
100%
Scotland612,040Glasgow
100%
Scotland200,680Aberdeen
96%
Scotland148,280Dundee
93%
Wales184,436Swansea
93%
Northern Ireland83,120Derry | Londonderry
85%
Wales133,353Newport
67%
Wales61,458Wrexham
59%
Scotland51,300Dunfermline
44%
Northern Ireland61,401Bangor
41%
Scotland75,120East Kilbride
26%
Scotland77,220Paisley
26%
Wales56,892Barry
22%
Scotland57,030Livingston
22%
Scotland54,080Hamilton
19%
Wales50,973Neath
19%
Scotland50,920Cumbernauld
15%
Northern Ireland64,193Craigavon
7%

Score Distribution

Percentile by Number Answered

Percent of People with Each Score

Your Score History

You have not taken this quiz